Southville International School and Colleges
Your cart is empty.
  • Cart
  • Lists
    Public lists Eva Luna New books Lux_list list_1
    Your lists Log in to create your own lists
  • Log in to your account
  • Your cookies
  • Search history
Southville International School and Colleges
  • Advanced search
  • Recent comments
  • Most popular
  • Libraries

Log in to your account

Log in with GOOGLE


If you do not have an external account, but do have a local account, you can still log in:

  1. Home
  2. MARC view: Economic and management methods for tourism and hospitality research /
Normal view MARC view ISBD view

Economic and management methods for tourism and hospitality research / (Record no. 20489)

[ view plain ]
MARC details
000 -LEADER
fixed length control field 00676nam a2200217 a 4500
005 - DATE AND TIME OF LATEST TRANSACTION
control field 20140310183230.0
008 - FIXED-LENGTH DATA ELEMENTS--GENERAL INFORMATION
fixed length control field 040414s19uu xx 00 eng d
020 ## - INTERNATIONAL STANDARD BOOK NUMBER
International Standard Book Number 0471983926
050 ## - LIBRARY OF CONGRESS CALL NUMBER
Classification number TX 911.3.M27
Item number .B38 1999
100 ## - MAIN ENTRY--PERSONAL NAME
Personal name Baum, Thomas
245 ## - TITLE STATEMENT
Title Economic and management methods for tourism and hospitality research /
Statement of responsibility, etc Thomas Baum
260 ## - PUBLICATION, DISTRIBUTION, ETC. (IMPRINT)
Place of publication, distribution, etc England :
Name of publisher, distributor, etc John Wiley and Sons,
Date of publication, distribution, etc 1999.
300 ## - PHYSICAL DESCRIPTION
Extent 282 p. :
Dimensions 23 cm.
521 ## - TARGET AUDIENCE NOTE
Target audience note
650 ## - SUBJECT ADDED ENTRY--TOPICAL TERM
Topical term or geographic name as entry element Hospitality industry
General subdivision Management.
650 ## - SUBJECT ADDED ENTRY--TOPICAL TERM
Topical term or geographic name as entry element Hospitality industry
General subdivision Economic aspects.
650 ## - SUBJECT ADDED ENTRY--TOPICAL TERM
Topical term or geographic name as entry element Tourist trade
General subdivision Economic aspects.
700 ## - ADDED ENTRY--PERSONAL NAME
Personal name Mudambi, Ram
942 ## - ADDED ENTRY ELEMENTS (KOHA)
Koha item type Books
Source of classification or shelving scheme Library of Congress Classification
Call number prefix Foreign
Holdings
Withdrawn status Lost status Source of classification or shelving scheme Damaged status Home library Current library Shelving location Date acquired Source of acquisition Cost, normal purchase price Total Checkouts Full call number Barcode Date last seen Copy number Price effective from Koha item type
    Library of Congress Classification   College Library College Library General Circulation Section 07/26/2010   1935.00   TX 911.3.M27 .B38 1999 C4455 05/15/2018 1 10/10/2013 Books

Economic and management methods for tourism and hospitality research /

APA

Baum T., Mudambi R., . (1999). Economic and management methods for tourism and hospitality research. England: John Wiley and Sons.

Chicago

Baum Thomas, Mudambi Ram, . 1999. Economic and management methods for tourism and hospitality research. England: John Wiley and Sons.

Harvard

Baum T., Mudambi R., . (1999). Economic and management methods for tourism and hospitality research. England: John Wiley and Sons.

MLA

Baum Thomas, Mudambi Ram, . Economic and management methods for tourism and hospitality research. England: John Wiley and Sons. 1999.

  • Place hold
  • Print
  • Cite
  • Add to your cart (remove)
  • Save record
    BIBTEX Dublin Core MARCXML MARC (non-Unicode/MARC-8) MARC (Unicode/UTF-8) MARC (Unicode/UTF-8, Standard) MODS (XML) RIS
  • More searches
    Search for this title in:
    Other Libraries (WorldCat) Other Databases (Google Scholar) Online Stores (Bookfinder.com) Open Library (openlibrary.org)

Exporting to Dublin Core...

SOUTHVILLE LIBRARY

Southville International School and Colleges Library

1281 Tropical Ave. Cor. Luxembourg St., BF Homes International, Las Pinas City

Tel. No. 8256374 / 252358 Loc. 117/146

Powered by Koha